An early history of vasali : (Record no. 131165)

MARC details
000 -LEADER
fixed length control field 00818nam a22002417a 4500
005 - DATE AND TIME OF LATEST TRANSACTION
control field 20170124110123.0
010 ## - LIBRARY OF CONGRESS CONTROL NUMBER
LC control number 208156
020 ## - INTERNATIONAL STANDARD BOOK NUMBER
Terms of availability 15.00
035 ## - SYSTEM CONTROL NUMBER
System control number 208156
037 ## - SOURCE OF ACQUISITION
Source of stock number/acquisition Cen Lib/Ret
040 ## - CATALOGING SOURCE
Original cataloging agency DPL
Language of cataloging EN
082 ## - DEWEY DECIMAL CLASSIFICATION NUMBER
Classification number 954.53
Item number MIS
100 ## - MAIN ENTRY--PERSONAL NAME
Personal name Mishra, Yogendra
9 (RLIN) 31029
245 ## - TITLE STATEMENT
Title An early history of vasali :
Statement of responsibility, etc by Yogendra Mishra
Remainder of title om the earliest times to the fall of the Vajjian Republic, circa 484 B.C. /
260 ## - PUBLICATION, DISTRIBUTION, ETC. (IMPRINT)
Place of publication, distribution, etc Delhi
Name of publisher, distributor, etc Motilal Banarsidass
Date of publication, distribution, etc 1962
270 ## - ADDRESS
Address Bangalow Road Jawahar Nagar
City Delhi
Postal code 110006
300 ## - PHYSICAL DESCRIPTION
Extent xvii,301p.
Dimensions 20cm(Hb)
500 ## - GENERAL NOTE
General note Includes bibliographical reference and index
650 ## - SUBJECT ADDED ENTRY--TOPICAL TERM
Topical term or geographic name as entry element Vaiśālī (India : City) -- History.
9 (RLIN) 31030
650 ## - SUBJECT ADDED ENTRY--TOPICAL TERM
Topical term or geographic name as entry element Oudheid.
Geographic subdivision Vaisali.
9 (RLIN) 31031
700 ## - ADDED ENTRY--PERSONAL NAME
9 (RLIN) 30706
942 ## - ADDED ENTRY ELEMENTS (KOHA)
Source of classification or shelving scheme Dewey Decimal Classification
Koha item type English Books
Classification part 954.53
Call number suffix MIS
Holdings
Withdrawn status Lost status Damaged status Not for loan Home library Current library Date acquired Source of acquisition Cost, normal purchase price Total Checkouts Full call number Barcode Date last seen Copy number Cost, replacement price Price effective from Koha item type
        Central Library Central Library 13/07/2015 Cen Lib/Ret 15.00   954.53 MIS 208156 13/07/2015 1 15.00 13/07/2015 English Books

© Delhi Public Library
Hit Counter
free hit counter